000 00709nam a2200217 a 4500
999 _c6929
_d6929
001 6929
003 BD-JhCC
005 20180201114607.0
008 170930s1992 bg |||| ||a| 000 0 ben d
035 _a(BD-JhCC)6929
040 _aBD-JhCC
_dBD-JhCC
041 _aben
082 _a616.342
_bAHM 1992
100 _aআহমদ, হাফিজ উদ্দীন
245 _aতীব্র উদরাময় : চিকিৎসা ও প্রতিরোধ /
_cহাফিজ উদ্দীন আহমদ
260 _aঢাকা :
_bবাংলা একাডেমী ;
_c1992.
300 _a82 p. :
_c21 cm.
650 _aDiarrhoea
942 _2ddc
_cBK